ბათუმის შოთა რუსთაველის სახელმწიფო უნივერსიტეტის ბიბლიოთეკა

წმინდა დედანი / (ბიბ.ჩანაწერი № 47249)

000 -ლიდერი
ფიქსირებული სიგრძის საკონტროლო ველი 01994nam a2200325Ia 4500
001 - საკონტროლო ნომერი
საკონტროლო ველი 14109
003 - საკონტროლო ნომრის იდენტიფიკატორი
საკონტროლო ველი GE_BSU
005 - ბოლო ოპერაციის თარიღი და დრო
საკონტროლო ველი 20241107162215.0
008 - ფიქსირებული სიგრძის მონაცემთა ელემენტები - ზოგადი ინფორმაცია
ფიქსირებული სიგრძის საკონტროლო ველი 181216s2014||||ge |||||||||||||| ||geo||
020 ## - წიგნის საერთაშორისო სტანდარტული ნომერი
International Standard Book Number 9789941218231
040 ## - კატალოგიზაციის წყარო
Transcribing agency GE_BSU
041 ## - ენის კოდი
Language code of text/sound track or separate title geo
080 ## - უნივერსალური ათობითი კლასიფიკაციის ინდექსი
Universal Decimal Classification number 27-788-055.2(470) წ-71
245 ## - ცნობა სათაურის შესახებ
Title წმინდა დედანი /
Statement of responsibility, etc შემდგენელი მანანა ტუაევა ; გარეკანის დიზაინი ეთერ გზირიშვილი.
264 ## - წარმოების, გამოცემის, დისტრიბუციის და სხვა ცნობები
გამოცემის, წარმოების, დისტრიბუციის... ადგილი თბილისი :
გამოცემის, წარმოების, დისტრიბუციის... სახელწოდება პალიტრა L,
გამოცემის, წარმოების, დისტრიბუციის... თარიღი 2014.
300 ## - ფიზიკური აღწერა
Extent 192 გვ. ;
Dimensions 20 სმ.
490 ## - სერიის ცნობა
Series statement საქართველოს იმედი II
Volume number/sequential designation წ. 9
500 ## - ზოგადი შენიშვნა
General note იბეჭდება სრულიად საქართველოს კათოლიკოს-პატრიარქის, უწმინდესისა და უნეტარესის ილია II-ის ლოცვა-კურთხევით
504 ## - BIBLIOGRAPHY, ETC. NOTE
Bibliography, etc ბიბლიოგრ. : გვ. 189
653 ## - INDEX TERM--UNCONTROLLED
Uncontrolled term წმინდა დედანი
653 ## - INDEX TERM--UNCONTROLLED
Uncontrolled term ნეტარი მატრონა მოსკოველი
653 ## - INDEX TERM--UNCONTROLLED
Uncontrolled term წმინდა ღირსმოწამენი ელისაბედი და ბარბარე წმინდა მოწამენი პისტი,ელპიდე, აღაპია და დედა მათი სოფიო
653 ## - INDEX TERM--UNCONTROLLED
Uncontrolled term წმინდა დედოფალი ალექსანდრა და მისი ქალიშვილი ვალერია
653 ## - INDEX TERM--UNCONTROLLED
Uncontrolled term წმინდა მაკრინე
653 ## - INDEX TERM--UNCONTROLLED
Uncontrolled term წმინდა პელაგია ტარსელი
653 ## - INDEX TERM--UNCONTROLLED
Uncontrolled term ნეტარი პელაგია
700 ## - ADDED ENTRY--PERSONAL NAME
Personal name გზირიშვილი, ეთერ
Relator term გარეკანის დიზაინი
9 (RLIN) 23643
942 ## - ADDED ENTRY ELEMENTS (KOHA)
Koha item type წიგნი
Source of classification or shelving scheme
ეგზემპლარები
ჩამოწერის სტატუსი დაკარგული ეგზემპლარის სტატუსი კლასიფიკაციის წყარო ან თაროზე გაწყობის სქემა დაზიანების სტატუსი არ გაიცემა მუდმივი მდებარეობა (დაცვის ადგილი) ამჟამინდელი ადგილსამყოფელი თაროზე განთავსების ადგილი შეძენის თარიღი ღირებულება, შესყიდვის ნორმალური ფასი სრული შენახვის შიფრი შტრიხკოდი ბოლო ოპერაციის თარიღი ეგზემპლარის მიმდევრობითი ნომერი (კეტერი?) ფასის ძალაში შესვლის თარიღი ეგზემპლარის სახეობა საჯარო შენიშვნა
          ბათუმის შოთა რუსთაველის სახელმწიფო უნივერსიტეტის მთავარი ბიბლიოთეკა ბათუმის შოთა რუსთაველის სახელმწიფო უნივერსიტეტის მთავარი ბიბლიოთეკა წიგნსაცავი 2018-12-17 2.00 27-788-055.2(470) წ-71 27406 2018-12-17 27406 2018-12-17 წიგნი 2.00 ₾.